[Event "5.Online WM / B-WM Halbfinale 1"]
[Site "?"]
[Date "2009.02.25"]
[Round "1"]
[White "Lyon 68020 22 MHz, Mephisto"]
[Black "Magellan, Mephisto"]
[Result "0-1"]
[WhiteElo "2278"]
[BlackElo "2241"]
[PlyCount "138"]
[EventDate "2009.??.??"]

1. e4 c5 2. c3 e6 3. d4 d5 4. exd5 exd5 5. Nf3 Nc6 6. Bb5 Bd6 7. O-O Nge7 8.
Re1 cxd4 9. Nxd4 O-O 10. Be3 Qc7 11. h3 Bd7 12. Bd3 Ne5 13. Bf4 Nxd3 14. Bxd6
Qxd6 15. Qxd3 Ng6 16. Nd2 Rfe8 17. Rad1 Ne5 18. Qg3 Re7 19. Qg5 Rae8 20. Re3
Qb6 21. N2b3 h6 22. Qg3 Nc4 23. Rxe7 Rxe7 24. Nf3 Be6 25. Nfd4 Nxb2 26. Rd2 Nc4
27. Re2 Nd6 28. Re3 Ne4 29. Qb8+ Kh7 30. a4 Bd7 31. a5 Qf6 32. Rf3 Qd6 33. Qxd6
Nxd6 34. Nc5 Bc8 35. Ndb3 Bf5 36. g4 Bc2 37. Nd4 Re1+ 38. Kg2 Be4 39. Nxe4 dxe4
40. Rf4 Ra1 41. Nb3 Rd1 42. Nd4 Rd3 43. Nf5 g5 44. Nxd6 gxf4 45. Nxe4 Kg6 46.
c4 Rd4 47. Kf3 Rxc4 48. Nd6 Rb4 49. Nc8 a6 50. Nd6 Kf6 51. h4 b6 52. axb6 Rxb6
53. Nc4 Rb3+ 54. Ke4 Rb4 55. Kd3 Ke6 56. Kd4 a5 57. Kc5 Rb3 58. Nxa5 Rf3 59.
Kd4 Rxf2 60. Ke4 Ra2 61. Nc6 Ra4+ 62. Nd4+ Kd6 63. Kd3 Kd5 64. Nf5 Re4 65. Kd2
f3 66. Ne3+ Ke5 67. Nd1 Rd4+ 68. Ke1 Rxg4 69. Kf2 Kf4 0-1

[Event "5.Online WM / B-WM Halbfinale 1"]
[Site "?"]
[Date "2009.02.26"]
[Round "2"]
[White "Magellan, Mephisto"]
[Black "Lyon 68020 22 MHz, Mephisto"]
[Result "0-1"]
[WhiteElo "2241"]
[BlackElo "2278"]
[PlyCount "92"]
[EventDate "2009.??.??"]

1. d4 d5 2. c4 c6 3. cxd5 cxd5 4. Nc3 Nf6 5. Nf3 Nc6 6. Bf4 a6 7. e3 Bg4 8. Bd3
e6 9. h3 Bxf3 10. Qxf3 Bd6 11. Bxd6 Qxd6 12. O-O O-O 13. Rfc1 Rac8 14. a3 Na5
15. Rc2 Nb3 16. Rb1 Rc6 17. Qd1 Rfc8 18. Nb5 axb5 19. Rxc6 bxc6 20. Qxb3 h6 21.
Rc1 Ra8 22. f3 e5 23. dxe5 Qxe5 24. Rxc6 Qxe3+ 25. Kf1 Re8 26. Qd1 b4 27. axb4
Nh5 28. g4 Nf4 29. Rc3 Qb6 30. Qa4 Qe6 31. Qd1 Nxh3 32. Bb5 Rb8 33. Bc6 Nf4 34.
b5 d4 35. Ra3 Qc4+ 36. Ke1 d3 37. Qd2 Qd4 38. Kf1 g5 39. b4 Rc8 40. Rb3 Qa1+
41. Kf2 Rd8 42. Rc3 Qxc3 43. Qxc3 d2 44. Qb3 d1=Q 45. Qxd1 Rxd1 46. b6 Rd8 0-1

[Event "5.Online WM / B-WM Halbfinale 1"]
[Site "?"]
[Date "2009.02.26"]
[Round "3"]
[White "Lyon 68020 22 MHz, Mephisto"]
[Black "Magellan, Mephisto"]
[Result "0-1"]
[WhiteElo "2278"]
[BlackElo "2241"]
[PlyCount "54"]
[EventDate "2009.??.??"]

1. e4 c5 2. c3 Nf6 3. e5 Nd5 4. d4 cxd4 5. cxd4 d6 6. Nf3 Nc6 7. Bc4 e6 8. O-O
Be7 9. Qe2 O-O 10. Nc3 Nb6 11. Bd3 d5 12. a3 f6 13. Qc2 h6 14. Bh7+ Kh8 15.
exf6 Bxf6 16. Rd1 e5 17. dxe5 Nxe5 18. Nd4 Bg4 19. f3 Bd7 20. Bf4 Qe7 21. Bxe5
Bxe5 22. Nb3 Qh4 23. Kf1 Qxh2 24. Ne2 Nc4 25. Qd3 Nxb2 26. Qg6 Qh1+ 27. Ng1
Bb5+ 0-1

[Event "5.Online WM / B-WM Halbfinale 1"]
[Site "?"]
[Date "2009.03.04"]
[Round "4"]
[White "Magellan, Mephisto"]
[Black "Lyon 68020 22 MHz, Mephisto"]
[Result "1/2-1/2"]
[WhiteElo "2241"]
[BlackElo "2278"]
[PlyCount "126"]
[EventDate "2009.??.??"]

1. e4 c6 2. c4 d5 3. exd5 cxd5 4. cxd5 Qxd5 5. d4 e5 6. Nf3 exd4 7. Qxd4 Qxd4
8. Nxd4 Bd7 9. Nb5 Na6 10. N1c3 Bc5 11. Be3 Bxe3 12. fxe3 Bc6 13. Bc4 Nh6 14.
O-O O-O 15. Nd6 Nc7 16. Rad1 Ne8 17. Nce4 Bxe4 18. Nxe4 Ng4 19. Bb3 Nef6 20.
Rf4 Rae8 21. Nxf6+ Nxf6 22. Kf2 Re7 23. Rfd4 h5 24. h3 Rc8 25. Kf3 Rce8 26.
R1d3 a6 27. Ba4 b5 28. Bc2 Re5 29. Bb3 a5 30. a3 Rf5+ 31. Rf4 Rc5 32. Bd1 Rd5
33. Rfd4 Rf5+ 34. Ke2 Kf8 35. b4 axb4 36. axb4 Ne4 37. Ke1 Nf2 38. Rc3 Nxd1 39.
Rxd1 Rf4 40. Rd7 Rxb4 41. Rcc7 Rf4 42. Ke2 Rf5 43. Rb7 Kg8 44. Ra7 h4 45. Rab7
Ree5 46. Rd4 g5 47. e4 Rf4 48. Ke3 Kg7 49. Rb4 Kg6 50. Rb6+ f6 51. Rd4 Rc5 52.
Rd8 Rc3+ 53. Kd4 Rb3 54. Rg8+ Kf7 55. Rbb8 Rf2 56. Rgf8+ Ke7 57. Rfe8+ Kd7 58.
Red8+ Kc7 59. Rdc8+ Kd7 60. Rd8+ Kc6 61. Rdc8+ Kd6 62. Rd8+ Ke7 63. Re8+ Kf7
1/2-1/2

[Event "5.Online WM / B-WM Halbfinale 1"]
[Site "?"]
[Date "2009.03.05"]
[Round "5"]
[White "Lyon 68020 22 MHz, Mephisto"]
[Black "Magellan, Mephisto"]
[Result "1/2-1/2"]
[WhiteElo "2278"]
[BlackElo "2241"]
[PlyCount "116"]
[EventDate "2009.??.??"]

1. Nf3 d5 2. g3 c5 3. Bg2 Nc6 4. d3 g6 5. O-O Bg7 6. c3 Nf6 7. Qa4 O-O 8. Bf4
Qe8 9. Nbd2 e5 10. Be3 b6 11. Bg5 e4 12. dxe4 Nxe4 13. Nxe4 dxe4 14. Nd2 f5 15.
Rfd1 Ne5 16. Qxe8 Rxe8 17. Nb3 Ba6 18. Rd2 h6 19. Bf4 Nc4 20. Rc2 g5 21. Bd2
Rad8 22. Be1 Re5 23. e3 Kf7 24. Nd2 Nd6 25. c4 Re7 26. Rac1 Bb7 27. Nb1 Red7
28. Rd2 Ke6 29. b3 a6 30. Rdd1 Be5 31. Bc3 Ba8 32. Bxe5 Kxe5 33. Rd2 Bc6 34.
Rcd1 b5 35. cxb5 axb5 36. Bf1 Ke6 37. Rc1 Nb7 38. Rxd7 Rxd7 39. a3 Ke5 40. Nc3
b4 41. axb4 cxb4 42. Na2 Bd5 43. Bc4 Nc5 44. Nxb4 Bxc4 45. bxc4 Rd2 46. Rc2
Rd1+ 47. Kg2 Nd3 48. Nxd3+ exd3 49. Rc3 Ke4 50. c5 g4 51. Rc4+ Kd5 52. c6 d2
53. c7 Rg1+ 54. Kxg1 d1=Q+ 55. Kg2 Qf3+ 56. Kg1 Qd1+ 57. Kg2 Qf3+ 58. Kg1 Qd1+
1/2-1/2

[Event "5.Online WM / B-WM Halbfinale 1"]
[Site "?"]
[Date "2009.03.08"]
[Round "6"]
[White "Magellan, Mephisto"]
[Black "Lyon 68020 22 MHz, Mephisto"]
[Result "0-1"]
[WhiteElo "2241"]
[BlackElo "2278"]
[PlyCount "88"]
[EventDate "2009.??.??"]

1. e4 Nf6 2. e5 Nd5 3. c4 Nb6 4. d4 d6 5. exd6 cxd6 6. Be3 Bf5 7. Nc3 e6 8.
Nge2 d5 9. cxd5 Nxd5 10. Ng3 Bg6 11. Bb5+ Nc6 12. O-O Be7 13. Rc1 O-O 14. Nxd5
Qxd5 15. Bc4 Qa5 16. Qb3 Qc7 17. d5 Na5 18. Qb5 a6 19. Qa4 Nxc4 20. Rxc4 Qd8
21. Rd4 b5 22. Qb3 e5 23. Rd2 Rc8 24. Rfd1 Bd6 25. Ba7 f6 26. a3 Ra8 27. Qe3 f5
28. Nxf5 Bxf5 29. Bb6 Qh4 30. Bc5 Bxc5 31. Qxc5 Qg5 32. Qe3 Qxe3 33. fxe3 Rac8
34. d6 Bd7 35. h3 Kf7 36. Kf2 Ke6+ 37. Kg3 Rfd8 38. Kf2 Rc6 39. g4 Be8 40. h4
Rcxd6 41. Rxd6+ Rxd6 42. Rxd6+ Kxd6 43. Kf3 Kd5 44. Ke2 Ke4 0-1

[Event "5.Online WM / B-WM Halbfinale 1"]
[Site "?"]
[Date "2009.03.20"]
[Round "7"]
[White "Lyon 68020 22 MHz, Mephisto"]
[Black "Magellan, Mephisto"]
[Result "1/2-1/2"]
[WhiteElo "2278"]
[BlackElo "2241"]
[PlyCount "110"]
[EventDate "2009.??.??"]

1. e4 c5 2. Nf3 Nc6 3. d4 cxd4 4. Nxd4 g6 5. Nc3 Bg7 6. Be3 Nf6 7. Bc4 Qa5 8.
O-O O-O 9. Bb3 d6 10. h3 Bd7 11. f4 Nxd4 12. Bxd4 Bc6 13. Qd3 Rad8 14. Rad1 Nd7
15. Bxg7 Kxg7 16. Qd4+ f6 17. f5 Rh8 18. Nd5 Rde8 19. Nf4 Nf8 20. c3 a6 21. Nd3
Nd7 22. Rf4 Ne5 23. Rh4 g5 24. Rh5 Rb8 25. Qe3 Rhf8 26. Nf2 Qc5 27. Qxc5 dxc5
28. Ng4 h6 29. Nxe5 fxe5 30. g4 Be8 31. Rd5 Bxh5 32. gxh5 Kf6 33. Rxc5 Rfd8 34.
Bd5 Rd6 35. Rc7 b5 36. b3 Rbd8 37. c4 bxc4 38. bxc4 R8d7 39. Rc8 Kg7 40. a4 Rd8
41. Rc7 Kf8 42. c5 Rxd5 43. exd5 Rxd5 44. Rc6 Kg7 45. Rg6+ Kh7 46. Re6 Rxc5 47.
Rxe7+ Kg8 48. Re6 Ra5 49. Rxh6 Rxa4 50. Rg6+ Kf7 51. h6 Rh4 52. Rxa6 Rxh3 53.
Kg2 g4 54. Rg6 Rh5 55. Kg3 Rxf5 1/2-1/2

[Event "5.Online WM / B-WM Halbfinale 1"]
[Site "?"]
[Date "2009.03.20"]
[Round "8"]
[White "Magellan, Mephisto"]
[Black "Lyon 68020 22 MHz, Mephisto"]
[Result "0-1"]
[WhiteElo "2241"]
[BlackElo "2278"]
[PlyCount "52"]
[EventDate "2009.??.??"]

1. e4 e5 2. Bc4 Nf6 3. d4 exd4 4. Nf3 Nxe4 5. Qxd4 Nf6 6. Bg5 Be7 7. Nc3 c6 8.
O-O-O d5 9. Rhe1 Be6 10. Qh4 Nbd7 11. Bd3 Nc5 12. Bc4 O-O 13. Nd4 h6 14. Bxf6
Bxf6 15. Qh5 Qb6 16. Nxe6 fxe6 17. Bf1 Bxc3 18. bxc3 Na4 19. Qe5 Qb2+ 20. Kd2
Rxf2+ 21. Be2 Nc5 22. Ke3 Raf8 23. h3 Qxc2 24. Bf3 Rxg2 25. Rf1 Rh2 26. Qxh2
Qxh2 0-1

[Event "5.Online WM / A-WM Achtelfinale S1"]
[Site "?"]
[Date "2009.01.24"]
[Round "1"]
[White "Sparc, Saitek"]
[Black "Genius 68030, Mephisto"]
[Result "0-1"]
[WhiteElo "2187"]
[BlackElo "2335"]
[PlyCount "160"]
[EventDate "2009.??.??"]

1. c4 e5 2. Nc3 Nf6 3. Nf3 Nc6 4. e3 Be7 5. d4 exd4 6. Nxd4 O-O 7. Nc2 d6 8.
Be2 Bf5 9. O-O Ne4 10. Nxe4 Bxe4 11. f3 Bg6 12. e4 Bf6 13. Rb1 Qe7 14. Be3 Qe5
15. Qd5 Qh5 16. Qxh5 Bxh5 17. Rfd1 b6 18. b3 Rae8 19. Rd5 Be5 20. Rd2 Bg6 21.
b4 f5 22. f4 Bc3 23. Rd3 Bf6 24. e5 dxe5 25. Re1 exf4 26. Bxf4 Re4 27. Bxc7 Rc8
28. Bd6 Rce8 29. Kf1 Bf7 30. Ra3 Rxe2 31. Rxe2 Bxc4 32. Rae3 Rd8 33. Bc7 Rd1+
34. Kf2 Bg5 35. Rc3 Bxe2 36. Kxe2 Rd2+ 37. Kf1 Ne7 38. Bg3 Nd5 39. Rc8+ Kf7 40.
Bf2 Bf6 41. Ke1 Rd3 42. Ra8 Bc3+ 43. Kf1 Rd1+ 44. Ne1 Nxb4 45. Rxa7+ Ke6 46.
Ke2 Rd2+ 47. Kf1 Rxa2 48. Rxa2 Nxa2 49. Bxb6 Nb4 50. Nf3 Nd5 51. Bc5 Bf6 52.
Nd4+ Ke5 53. Nb5 g6 54. Nd6 Nc7 55. Nb7 Ne6 56. Bb4 Ke4 57. h3 Nf4 58. Bf8 h5
59. Nc5+ Kd5 60. Nd7 Bd4 61. Be7 Ke6 62. Bc5 Bxc5 63. Nxc5+ Kd5 64. Nd7 Kd6 65.
Nb6 g5 66. Kf2 Nd3+ 67. Ke3 Ne1 68. g3 h4 69. Ke2 g4 70. Kxe1 gxh3 71. Kf2 h2
72. Kg2 hxg3 73. Nc4+ Ke6 74. Nd2 f4 75. Nf3 Kd5 76. Kh1 Ke4 77. Nh4 Ke3 78.
Ng6 Kf3 79. Ne5+ Ke2 80. Nf3 g2+ 0-1

[Event "5.Online WM / A-WM Achtelfinale S1"]
[Site "?"]
[Date "2009.01.25"]
[Round "2"]
[White "Genius 68030, Mephisto"]
[Black "Sparc, Saitek"]
[Result "1/2-1/2"]
[WhiteElo "2335"]
[BlackElo "2187"]
[PlyCount "144"]
[EventDate "2009.??.??"]

1. d4 Nf6 2. c4 e6 3. Nc3 Bb4 4. Qc2 c5 5. dxc5 Na6 6. a3 Bxc3+ 7. Qxc3 Nxc5 8.
f3 d5 9. cxd5 b6 10. Bg5 exd5 11. e3 O-O 12. Bxf6 Qxf6 13. Qxf6 gxf6 14. b4 Ne6
15. Bd3 a5 16. Rc1 axb4 17. axb4 Ra4 18. Rb1 Bd7 19. Ne2 Ra3 20. Kd2 Rfa8 21.
Rb2 Bc6 22. Rc1 Bb7 23. Bb1 Kh8 24. Bf5 Ng7 25. Nd4 Nxf5 26. Nxf5 Bc8 27. Nd6
Be6 28. Ke2 Ra2 29. Rbc2 Kg8 30. Kd2 Kf8 31. Rxa2 Rxa2+ 32. Rc2 Rxc2+ 33. Kxc2
Ke7 34. Nb5 f5 35. Kd3 Bd7 36. Nc3 Kd6 37. Kd4 Be6 38. b5 f6 39. Ne2 Bf7 40.
Nf4 Bg8 41. Nh5 Ke7 42. h4 Bf7 43. Ng3 Be6 44. Ne2 Kd6 45. Nc3 h6 46. Ne2 Bg8
47. Ng3 Be6 48. Nh5 Ke7 49. Nf4 Kd6 50. Nd3 Bd7 51. Nb4 Be6 52. f4 Bf7 53. Na2
Bg8 54. Nc3 Be6 55. Na4 Kc7 56. Kc3 Bd7 57. Kb4 Be8 58. Nc3 Bf7 59. Ne2 Be6 60.
Ng3 Kd6 61. Nf1 Ke7 62. Nd2 Bc8 63. Nf3 Ke6 64. Nd4+ Kd6 65. Ne2 Be6 66. Nc1
Bf7 67. Nb3 Bg8 68. Nd4 Be6 69. Nxe6 Kxe6 70. Kc3 Kd6 71. Kd4 h5 72. g3 Ke6
1/2-1/2

[Event "5.Online WM / A-WM Achtelfinale S1"]
[Site "?"]
[Date "2009.02.03"]
[Round "3"]
[White "Sparc, Saitek"]
[Black "Genius 68030, Mephisto"]
[Result "1/2-1/2"]
[WhiteElo "2187"]
[BlackElo "2335"]
[PlyCount "75"]
[EventDate "2009.??.??"]

1. d4 c6 2. c4 d5 3. Nc3 e6 4. e3 Nf6 5. Nf3 Nbd7 6. Bd3 dxc4 7. Bxc4 b5 8. Bd3
Bb7 9. O-O b4 10. Ne4 Be7 11. Nxf6+ Nxf6 12. e4 O-O 13. e5 Nd7 14. Be4 f5 15.
exf6 Nxf6 16. Qe2 Nxe4 17. Qxe4 Qd5 18. Re1 Qxe4 19. Rxe4 c5 20. Rxe6 Kf7 21.
Re3 cxd4 22. Nxd4 Bc5 23. Rd3 Be4 24. Rd1 Bxd4 25. Rxd4 Rad8 26. Be3 Rxd4 27.
Bxd4 a5 28. f3 Bf5 29. Bb6 a4 30. Bc5 Rb8 31. Bd6 Rb6 32. Rd1 b3 33. a3 Rc6 34.
Be5 Rc5 35. Bd4 Rc2 36. h3 g5 37. Re1 h6 38. Kh2 1/2-1/2

[Event "5.Online WM / A-WM Achtelfinale S1"]
[Site "?"]
[Date "2009.02.07"]
[Round "4"]
[White "Genius 68030, Mephisto"]
[Black "Sparc, Saitek"]
[Result "1-0"]
[WhiteElo "2335"]
[BlackElo "2187"]
[PlyCount "94"]
[EventDate "2009.??.??"]

1. d4 Nf6 2. c4 e5 3. dxe5 Ng4 4. Bf4 Nc6 5. Nf3 Bb4+ 6. Nbd2 Qe7 7. e3 Ngxe5
8. Nxe5 Nxe5 9. Be2 O-O 10. O-O Ng6 11. Bg3 Bd6 12. Bxd6 Qxd6 13. Qc2 Qe5 14.
c5 d6 15. cxd6 Qxd6 16. Rfd1 Be6 17. Nf3 Qe7 18. Qc3 Rfd8 19. Nd4 c6 20. Nxe6
Qxe6 21. a3 Nf4 22. Rxd8+ Rxd8 23. Bc4 b5 24. Bxe6 Ne2+ 25. Kf1 Nxc3 26. Bxf7+
Kxf7 27. bxc3 Rd3 28. Rc1 c5 29. Ke2 c4 30. e4 g5 31. a4 bxa4 32. Ra1 Rxc3 33.
Rxa4 Kf6 34. Rxa7 Ke5 35. h4 Rc2+ 36. Ke3 Rc3+ 37. Kd2 Rd3+ 38. Kc2 gxh4 39.
Rxh7 Kxe4 40. Rxh4+ Kd5 41. Rh3 Rd4 42. Rh5+ Ke6 43. Rh8 Rd3 44. Rh3 Rxh3 45.
gxh3 Kf5 46. Kc3 Kf4 47. Kxc4 Kg5 1-0

[Event "5.Online WM / A-WM Achtelfinale S2"]
[Site "?"]
[Date "2009.01.20"]
[Round "1"]
[White "R30 V2.2, TASC."]
[Black "Ruffian, Resurrection"]
[Result "1/2-1/2"]
[WhiteElo "2352"]
[BlackElo "2375"]
[PlyCount "127"]
[EventDate "2009.??.??"]

1. d4 Nf6 2. c4 g6 3. Nc3 Bg7 4. e4 d6 5. Be2 O-O 6. Bg5 Na6 7. Nf3 h6 8. Bxf6
exf6 9. Qb3 c5 10. Rd1 f5 11. e5 Re8 12. O-O cxd4 13. Rxd4 Bxe5 14. Nxe5 Rxe5
15. Qa3 Qe7 16. Re1 Nc5 17. Nd5 Qd8 18. b4 Ne6 19. Rdd1 Nc7 20. Nc3 Qe7 21. Qc1
a5 22. b5 Kh7 23. f4 Re6 24. b6 Na6 25. Nd5 Qd8 26. c5 Qh8 27. cxd6 Rxd6 28.
Bxa6 Rxa6 29. Qc7 Rd7 30. Re8 Rxc7 31. Rxh8+ Kxh8 32. bxc7 Rd6 33. Nc3 Rc6 34.
Rd8+ Kh7 35. Rxc8 Rxc3 36. Kf2 Kg7 37. Ke2 b5 38. h4 Kf6 39. Kd2 b4 40. h5 Ke7
41. hxg6 fxg6 42. Rg8 Rxc7 43. Rg7+ Kd6 44. Rxg6+ Kd5 45. Ra6 Rg7 46. Rxa5+ Kc4
47. Kc2 Rxg2+ 48. Kb1 h5 49. Rxf5 h4 50. Rh5 Rg4 51. Kc2 Rxf4 52. Kd1 Kd3 53.
Ke1 Ke3 54. Rb5 Kf3 55. Kf1 Kg3+ 56. Kg1 h3 57. Rg5+ Kh4 58. Rd5 Re4 59. Rd2
Kg4 60. Kh2 Rc4 61. Rb2 Rd4 62. Rb3 Rd2+ 63. Kh1 Kf5 64. Rxb4 1/2-1/2

[Event "5.Online WM / A-WM Achtelfinale S2"]
[Site "?"]
[Date "2009.01.25"]
[Round "2"]
[White "Ruffian, Resurrection"]
[Black "R30 V2.2, TASC."]
[Result "1-0"]
[WhiteElo "2375"]
[BlackElo "2352"]
[PlyCount "105"]
[EventDate "2009.??.??"]

1. d4 d5 2. c4 dxc4 3. e4 e5 4. Nf3 exd4 5. Bxc4 Bb4+ 6. Nbd2 Nc6 7. O-O Nf6 8.
e5 Nd5 9. Nb3 Nb6 10. Bb5 Bd7 11. Bxc6 Bxc6 12. Nfxd4 Qd7 13. Nxc6 Qxc6 14. Qg4
Qc4 15. Qxg7 O-O-O 16. Qf6 Rhg8 17. Bf4 Nd5 18. Qf5+ Kb8 19. Bg3 Ne7 20. Qh5
Qc2 21. Qxf7 Rgf8 22. Qh5 Qxb2 23. Qxh7 Qe2 24. Qh4 Nc6 25. Rac1 Qxa2 26. Qc4
Qa3 27. Rfd1 Qb2 28. e6 Kc8 29. Rd7 Rxd7 30. exd7+ Kxd7 31. Qg4+ Kd8 32. Rd1+
Ke7 33. Qd7+ Kf6 34. Bh4+ Kg6 35. Qe6+ Kg7 36. Rd7+ Ne7 37. Rxc7 Rf7 38. g4
Qb1+ 39. Kg2 Qd1 40. Qe5+ Kg8 41. Qe4 Qxb3 42. Rxb7 Nf5 43. Rb8+ Rf8 44. Rxf8+
Bxf8 45. Qxf5 Qf7 46. Qg5+ Bg7 47. f3 Qa2+ 48. Bf2 a5 49. h4 a4 50. h5 Qe6 51.
Qa5 Qc4 52. g5 Bc3 53. Qd8+ 1-0

[Event "5.Online WM / A-WM Achtelfinale S2"]
[Site "?"]
[Date "2009.01.25"]
[Round "3"]
[White "R30 V2.2, TASC."]
[Black "Ruffian, Resurrection"]
[Result "1-0"]
[WhiteElo "2352"]
[BlackElo "2375"]
[PlyCount "41"]
[EventDate "2009.??.??"]

1. e4 c5 2. c3 Nf6 3. e5 Nd5 4. d4 cxd4 5. cxd4 Nc6 6. Nf3 d6 7. Nc3 Be6 8. Ng5
Qa5 9. Nxe6 fxe6 10. Bd2 Nxd4 11. Ne2 Qb6 12. Nxd4 Qxd4 13. Bb5+ Kf7 14. Qf3+
Kg8 15. Bd7 Qxe5+ 16. Kd1 g5 17. Re1 Qxb2 18. Bxe6+ Kg7 19. Qxd5 Qxa1+ 20. Kc2
Qf6 21. Bc3 1-0

[Event "5.Online WM / A-WM Achtelfinale S2"]
[Site "?"]
[Date "2009.01.25"]
[Round "4"]
[White "Ruffian, Resurrection"]
[Black "R30 V2.2, TASC."]
[Result "1/2-1/2"]
[WhiteElo "2352"]
[BlackElo "2352"]
[PlyCount "95"]
[EventDate "2009.??.??"]

1. e4 c5 2. Nf3 Nc6 3. d4 cxd4 4. Nxd4 e5 5. Nb5 a6 6. Nd6+ Bxd6 7. Qxd6 Qf6 8.
Qd2 Nge7 9. Nc3 d6 10. Qg5 Be6 11. Qxf6 gxf6 12. Be3 f5 13. O-O-O f4 14. Bb6
Nc8 15. Na4 Rg8 16. Kb1 f5 17. exf5 Bxf5 18. Rd2 N6e7 19. Ba5 b5 20. Nb6 Nxb6
21. Bxb6 Rc8 22. g3 Be4 23. Rg1 Rg6 24. Ba5 d5 25. Bh3 Rc4 26. b3 Rc5 27. Bb4
Rc7 28. Re1 Nc6 29. Bc5 Rh6 30. Bg4 Rxh2 31. gxf4 Nd4 32. Bxd4 exd4 33. Bf3 Re7
34. Bxe4 Rxe4 35. Rxe4+ dxe4 36. Rxd4 h5 37. Rxe4+ Kd7 38. f3 h4 39. f5 h3 40.
Rh4 Ke7 41. Rh6 b4 42. Kb2 Kf7 43. a3 a5 44. axb4 axb4 45. f6 Ke6 46. f4 Kf7
47. Kb1 Rh1+ 48. Ka2 1/2-1/2

[Event "5.Online WM / A-WM Achtelfinale S2"]
[Site "?"]
[Date "2009.01.27"]
[Round "5"]
[White "R30 V2.2, TASC."]
[Black "Ruffian, Resurrection"]
[Result "0-1"]
[WhiteElo "2352"]
[BlackElo "2375"]
[PlyCount "100"]
[EventDate "2009.??.??"]

1. d4 Nf6 2. c4 e6 3. Nf3 d5 4. Bg5 Be7 5. Nc3 h6 6. Bh4 O-O 7. e3 b6 8. Be2
Bb7 9. Bxf6 Bxf6 10. cxd5 exd5 11. b4 c6 12. Qc2 Qd6 13. Rb1 Nd7 14. e4 dxe4
15. Nxe4 Qe7 16. O-O Rfe8 17. Ng3 a5 18. bxa5 Rxa5 19. Bc4 Qf8 20. Rfe1 Kh8 21.
Rxe8 Qxe8 22. Re1 Qf8 23. a4 b5 24. Qf5 Bc8 25. Bd3 g6 26. Qe4 bxa4 27. Qxc6 a3
28. Ne4 Be7 29. Bc4 Nb8 30. Qc7 Bb4 31. Rb1 Na6 32. Qb6 Kh7 33. Ne5 Bf5 34.
Nf6+ Kg7 35. Rd1 Qb8 36. Qxb8 Nxb8 37. Nd5 Bd6 38. Ne3 Bxe5 39. dxe5 Rxe5 40.
Rd8 Nc6 41. Ra8 Ra5 42. Rxa5 Nxa5 43. Ba2 Nc6 44. g4 Be6 45. Bxe6 fxe6 46. Nc2
a2 47. Kg2 Nd4 48. Na1 Kf6 49. f4 e5 50. g5+ hxg5 0-1

[Event "5.Online WM / A-WM Achtelfinale S2"]
[Site "?"]
[Date "2009.01.27"]
[Round "6"]
[White "Ruffian, Resurrection"]
[Black "R30 V2.2, TASC."]
[Result "1-0"]
[WhiteElo "2375"]
[BlackElo "2352"]
[PlyCount "101"]
[EventDate "2009.??.??"]

1. e4 c5 2. Nf3 Nc6 3. d4 cxd4 4. Nxd4 g6 5. c4 Bg7 6. Be3 Nf6 7. Nc3 Ng4 8.
Qxg4 Nxd4 9. Qd1 Ne6 10. Rc1 b6 11. Bd3 Bb7 12. f3 Qc7 13. Qd2 O-O 14. O-O Rfe8
15. f4 Nc5 16. Nd5 Qc8 17. e5 d6 18. Bd4 dxe5 19. fxe5 Nxd3 20. Qxd3 Qe6 21.
Nf4 Qd7 22. Rcd1 Rad8 23. Qe2 Qc7 24. e6 f6 25. b4 Bh6 26. Nh3 Rc8 27. c5 Red8
28. Nf2 Bf4 29. Ng4 h5 30. Qf2 bxc5 31. bxc5 g5 32. Nh6+ Kg7 33. Nf7 Rf8 34. h4
Ba6 35. hxg5 Bxf1 36. gxf6+ exf6 37. Rxf1 Rxf7 38. exf7 Bh2+ 39. Kh1 Be5 40.
Bxe5 Qxe5 41. f8=B+ Rxf8 42. Re1 Qc3 43. Re3 Qa1+ 44. Kh2 Rg8 45. c6 Kf7 46.
Qf5 Qd4 47. Qxh5+ Rg6 48. Rg3 Ke6 49. Qh3+ Rg4 50. Rxg4 Qd6+ 51. Rf4+ 1-0

[Event "5.Online WM / A-WM Achtelfinale S4"]
[Site "?"]
[Date "2009.01.22"]
[Round "1"]
[White "R30 V2.5, TASC."]
[Black "Risc 1MB, Mephisto"]
[Result "1-0"]
[WhiteElo "2336"]
[BlackElo "2256"]
[PlyCount "106"]
[EventDate "2009.??.??"]

1. d4 Nf6 2. c4 e6 3. Nc3 Bb4 4. Qc2 O-O 5. a3 Bxc3+ 6. Qxc3 b6 7. Bg5 Bb7 8.
e3 d6 9. f3 Nbd7 10. Nh3 e5 11. Be2 exd4 12. exd4 Re8 13. Kf2 h6 14. Bd2 c5 15.
Nf4 g5 16. Nd3 d5 17. Rhe1 Qc7 18. dxc5 d4 19. Qxd4 bxc5 20. Qc3 Qxh2 21. Bf1
Nh5 22. Rxe8+ Rxe8 23. Re1 Rxe1 24. Nxe1 Ng3 25. Bd3 Ne5 26. Be3 g4 27. Bf4
Nxd3+ 28. Qxd3 Nh1+ 29. Ke3 Qh4 30. Qd2 Ng3 31. Kd3 Nf1 32. Qe2 gxf3 33. Qe8+
Kg7 34. Qe5+ Kh7 35. gxf3 Qf2 36. Qf6 Qxe1 37. Qxf7+ Kh8 38. Qxb7 Qd1+ 39. Ke4
Qc2+ 40. Ke5 Qxc4 41. Qxa7 Qg8 42. Qxc5 Ng3 43. Bxg3 Qxg3+ 44. f4 Qg7+ 45. Ke4
Qg6+ 46. f5 Qg4+ 47. Ke5 Qg3+ 48. Ke6 Qg8+ 49. Ke7 Qg7+ 50. Ke8 Qxb2 51. Qd6 h5
52. Qh6+ Kg8 53. Qg5+ Qg7 1-0

[Event "5.Online WM / A-WM Achtelfinale S4"]
[Site "?"]
[Date "2009.01.22"]
[Round "2"]
[White "Risc 1MB, Mephisto"]
[Black "R30 V2.5, TASC."]
[Result "0-1"]
[WhiteElo "2256"]
[BlackElo "2336"]
[PlyCount "103"]
[EventDate "2009.??.??"]

1. e4 d6 2. d4 Nf6 3. Nc3 g6 4. f4 Bg7 5. Nf3 c5 6. dxc5 Qa5 7. Bd3 Qxc5 8. Qe2
O-O 9. Be3 Qa5 10. O-O Bg4 11. h3 Bxf3 12. Qxf3 Nc6 13. a3 Nd7 14. b4 Qd8 15.
Bd2 Rc8 16. Kh1 e6 17. Qe3 Ne7 18. Qe1 Re8 19. Rd1 a6 20. Ne2 f5 21. Bc3 Bxc3
22. Nxc3 Qc7 23. exf5 Nxf5 24. Ne4 d5 25. Ng5 Nf8 26. g4 Nd4 27. Bxg6 hxg6 28.
Rxd4 Qxc2 29. Rd2 Qc3 30. Rf3 Qf6 31. Rdf2 Rc4 32. Qe5 Qxe5 33. fxe5 Nd7 34.
Kg2 b6 35. Rf6 Nf8 36. Rf7 Rc3 37. R7f3 Rxf3 38. Nxf3 Rc8 39. Nd4 Rc4 40. Rf4
g5 41. Rxf8+ Kxf8 42. Nxe6+ Ke7 43. Nxg5 Rc2+ 44. Kg3 Rc3+ 45. Kf4 Rxa3 46. h4
Ra4 47. Kf5 d4 48. Nf3 d3 49. h5 Ra2 50. g5 Rf2 51. Ke4 d2 52. Nxd2 0-1

[Event "5.Online WM / A-WM Achtelfinale S4"]
[Site "?"]
[Date "2009.01.23"]
[Round "3"]
[White "R30 V2.5, TASC."]
[Black "Risc 1MB, Mephisto"]
[Result "1-0"]
[WhiteElo "2336"]
[BlackElo "2256"]
[PlyCount "45"]
[EventDate "2009.??.??"]

1. e4 e5 2. Nf3 f5 3. exf5 e4 4. Ne5 Nf6 5. Be2 d5 6. Bh5+ Ke7 7. d3 Rg8 8. Nc3
exd3 9. Bf7 Rh8 10. Bg5 c6 11. Qxd3 Qd6 12. Qe2 Kd8 13. Bh5 Kc7 14. Nf7 Qe7 15.
Qxe7+ Bxe7 16. Nxh8 Bxf5 17. Nf7 Nxh5 18. Bxe7 Bxc2 19. Rc1 Kd7 20. Ba3 Bg6 21.
Ne5+ Kd8 22. Nxg6 hxg6 23. O-O 1-0

[Event "5.Online WM / A-WM Achtelfinale S6"]
[Site "?"]
[Date "2009.02.13"]
[Round "1"]
[White "Vancouver 68020 24 MHz, Mephisto"]
[Black "Berlin Pro, Mephisto"]
[Result "1/2-1/2"]
[WhiteElo "2280"]
[BlackElo "2282"]
[PlyCount "113"]
[EventDate "2009.02.13"]

1. e4 e6 2. d4 d5 3. exd5 exd5 4. Nf3 Nf6 5. c4 Bb4+ 6. Nc3 O-O 7. Be2 dxc4 8.
O-O Be6 9. Ne5 Nbd7 10. Nxc4 c6 11. a3 Be7 12. Bf4 Nb6 13. Ne5 Nfd5 14. Bg3 f5
15. h3 f4 16. Bh2 Bd6 17. Bd3 Qh4 18. Ne4 Be7 19. Nf3 Qh5 20. Nc5 Bxc5 21. dxc5
Nd7 22. Rc1 Bf5 23. Re1 Rae8 24. Rxe8 Rxe8 25. Bc4 Be4 26. Nd2 Qxd1+ 27. Rxd1
Ne5 28. Re1 Bg6 29. Bxd5+ cxd5 30. Bxf4 Nd3 31. Rxe8+ Bxe8 32. Bb8 Nxb2 33.
Bxa7 Nc4 34. Nxc4 dxc4 35. Bb8 Kf7 36. Be5 g6 37. f4 Ke6 38. Kf2 Kd5 39. Ke3
Kxc5 40. Bd4+ Kd5 41. Bb6 Bc6 42. g4 Bd7 43. Bd4 b5 44. Bc3 h6 45. Bg7 h5 46.
gxh5 gxh5 47. h4 Ke6 48. Bh6 Kf5 49. Bg5 Bc8 50. Kd4 Be6 51. Kc3 Bf7 52. Kb4
Bd5 53. Be7 Kxf4 54. Kxb5 c3 55. Kb4 c2 56. Bg5+ Ke5 57. Kc3 1/2-1/2